Babička, rozprávaj! : kronika našej rodiny /

Uložené v:
Podrobná bibliografia
Hlavný autor: Formáčková, Marie, 1952- (Author)
Médium: Kniha
Jazyk:Slovak
Vydané: Bratislava : NOXI, 2017.
Vydanie:Vydanie prvé
Témy:
ISBN: 9788081114557 (viaz.)
Fyzický popis: 37 nečísovaných strán : fotografie ; 24 cm.
Tagy: Pridať tag
Žiadne tagy, Buďte prvý kto otaguje tento záznam!

MARC

LEADER 00000nam a22000004a 4500
001 000558317
005 20171102081846.0
008 170907s2017 xo o e 000 0 slo d
020 |a 9788081114557 (viaz.) 
040 |a SVKKK  |b slo  |c SVKKK  |e AACR2 
041 0 |a slo 
044 |a xo  |c SK 
072 7 |a 82-9  |x Literárna kritika, vecná literatúra a rôzne ďalšie žánre  |2 konspekt 
080 |a 82-94:929.52  |2 2011 
080 |a (093.3)  |2 2011 
100 1 |a Formáčková, Marie,  |d 1952-  |4 aut 
245 1 0 |a Babička, rozprávaj! :  |b kronika našej rodiny /  |c [text by Marie Formáčková]. 
250 |a Vydanie prvé 
260 |a Bratislava :  |b NOXI,  |c 2017. 
300 |a 37 nečísovaných strán :  |b fotografie ;  |c 24 cm. 
650 0 7 |a rodové kroniky  |2 SVKKKPH 
655 7 |a kroniky  |2 SVKKKPH 
910 |a svkkk 
919 |a 978-80-8111-455-7 
998 |a BK 
090 |g SCKHL  |k Sklad Hlavná 10 prízemie  |a IV.230318  |j 1083158  |i 2720481430  |s Absenčne